[Event "Tourn. n9158"]
[Site "www.chess-mail.com"]
[Date "2017.01.12"]
[Round "1"]
[White "Pachi"]
[Black "Autmich"]
[WhiteElo "1410"]
[BlackElo "1680"]
[Result "0-1"]
[Round "1"]
1.e4 c5
2.c3 d6
3.d4 cxd4
4.Qd1xd4 Nb8c6
5.Qd4d3 Ng8f6
6.f3 Qd8b6
7.Nb1a3 e6
8.Bc1e3 Qb6xb2
9.Na3c2 Nc6e5
10.Qd3d2 Bf8e7
11.f4 Ne5d7
12.Qd2c1 Qb2xc3
13.Be3d2 Qc3c7
14.Qc1b2 O-O
15.O-O-O Nf6xe4
16.Bd2e3 Nd7c5
17.Ng1h3 Bc8d7
18.Bf1b5 Rf8c8
19.Nc2d4 Nc5d3
{ resign }
0-1

[Event "Tourn. n8939"]
[Site "www.chess-mail.com"]
[Date "2017.01.12"]
[Round "1"]
[White "Fabos12"]
[Black "Hundegana"]
[WhiteElo "2000"]
[BlackElo "2020"]
[Result "0-1"]
[Round "1"]
1.Ng1f3 d5
2.d4 f5
3.Bc1f4 Nb8c6
4.e3 g6
5.Bf1b5 Bc8d7
6.Bb5xc6 Bd7xc6
7.Nf3e5 Ng8f6
8.g4 Nf6xg4
9.Ne5xg4 fxg4
10.Qd1xg4 Bc6d7
11.Qg4g3 Ra8c8
12.Nb1c3 c6
13.O-O-O Bf8g7
14.Bf4e5 O-O
15.Nc3a4 b6
16.Be5xg7 Kxg7
17.Qg3e5 Rf8f6
18.h4 Bd7g4
19.Rd1f1 Bg4f3
20.Rh1g1 Qd8d6
21.Qe5g3 Rc8f8
22.Na4c3 Qd6xg3
23.fxg3 Bf3g4
24.Rf1f4 Rf6xf4
25.exf4 Kf6
26.Rg1e1 e6
27.Re1e5 h5
28.b4 a6
29.a4 b5
30.a5 Ke7
31.Nc3d1 Bg4f3
32.Nd1f2 Rf8f5
33.Nf2d3 Rf5f8
34.Nd3c5 Bf3g4
35.Nc5xa6 Kd6
36.Na6c5 Rf8a8
37.a6 Bg4f5
38.Kd2 Ra8a7
39.Re5e1 Bf5g4
40.Re1a1 Ke7
41.Nc5b3 Kd6
42.Ke3 Bg4f5
43.c3 Kd7
44.Nb3d2 Kc7
45.Nd2f3 Kb6
46.Nf3e5 Kc7
47.Ne5f7 Kb6
48.Nf7e5 Bf5c2
49.Ne5d7 Ra7xd7
50.f5 gxf5
51.Kf4 Bc2a4
52.Ke5 Rd7g7
53.Kf4 Kxa6
54.Ra1g1 Kb6
55.Ke5 Rg7g6
56.Kf4 Kc7
57.Ke5 Kd7
58.Kf4 Rg6g4
59.Ke5 Ke7
60.Rg1g2 Rg4e4

0-1

[Event "Tourn. n9073"]
[Site "www.chess-mail.com"]
[Date "2017.01.12"]
[Round "1"]
[White "Jjmcbride"]
[Black "Azulmarino"]
[WhiteElo "1500"]
[BlackElo "1570"]
[Result "1-0"]
[Round "1"]
1.e4 e5
2.Ng1f3 Nb8c6
3.a3 Ng8f6
4.d4 Nf6xe4
5.dxe5 Bf8c5
6.Bc1e3 Qd8e7
7.Bf1d3 d6
8.Bd3xe4 Nc6xe5
9.Be3xc5 Ne5xf3
10.Qd1xf3 dxc5
11.O-O O-O
12.Rf1e1 Qe7d6
13.Be4d5 Bc8e6
14.Nb1c3 Qd6b6
15.Bd5xb7 Ra8d8
16.Bb7c6 Rd8d4
17.Nc3b5 Be6g4
18.Qf3g3 Rd4d2
19.Qg3xg4 Qb6xc6
20.Nb5xa7 Qc6f6
21.Re1e2 Qf6xb2
22.Re2xd2 Qb2xa1
23.Rd2d1 Qa1xa3
24.Na7c6 Qa3c3
25.Qg4d7 Qc3xc2
26.Nc6e7 Kh8
27.Qd7d8 Qc2xd1
28.Qd8xd1 Rf8a8
29.g4 c4
30.Ne7d5 Ra8a7
31.Nd5xc7 c3
32.Qd1d8 { resign }
1-0

[Event "Tourn. n9184"]
[Site "www.chess-mail.com"]
[Date "2017.01.12"]
[Round "1"]
[White "Bojan"]
[Black "Norlavuaram"]
[WhiteElo "2000"]
[BlackElo "2070"]
[Result "1/2-1/2"]
[Round "1"]
1.e4 e5
2.Ng1f3 Nb8c6
3.Bf1b5 a6
4.Bb5xc6 dxc6
5.h3 Bf8d6
6.d4 exd4
7.Qd1xd4 Bd6e7
8.Qd4xg7 Be7f6
9.Qg7g3 Ng8e7
10.Qg3f4 Bf6g7
11.c3 O-O
12.Qf4g3 Ne7g6
13.O-O Qd8e7
14.Bc1e3 Qe7xe4
15.Rf1e1 Qe4d5
16.Nb1d2 Qd5d6
17.Qg3g5 Qd6f6
18.Qg5c5 Qf6d6
19.Qc5c4 Bc8e6
20.Qc4e2 Rf8e8
21.b3 Ra8d8
22.Ra1d1 Qd6f8
23.Nd2b1 Rd8xd1
24.Re1xd1 Re8d8
25.c4 Rd8xd1
26.Qe2xd1 Qf8c8
27.Nb1d2 Qc8d7
28.Kh2 Qd7d6
29.g3 Qd6d7
30.Nf3g5 Be6f5
{ draw }
1/2-1/2

[Event "Tourn. n9098"]
[Site "www.chess-mail.com"]
[Date "2017.01.12"]
[Round "1"]
[White "Mitja"]
[Black "Osopanda"]
[WhiteElo "1970"]
[BlackElo "2010"]
[Result "0-1"]
[Round "1"]
1.d4 d5
2.e3 e6
3.a3 c6
4.Bf1e2 f5
5.Ng1f3 Ng8f6
6.Nb1d2 Bf8d6
7.Nd2b3 O-O
8.c3 Qd8e7
9.Nb3d2 Nb8d7
10.b4 Nf6e4
11.Bc1b2 e5
12.dxe5 Nd7xe5
13.Nf3xe5 Bd6xe5
14.Nd2xe4 fxe4
15.g3 Bc8h3
16.Be2f1 Qe7f6
17.Qd1d2 Bh3xf1
18.Rh1xf1 a5
19.Ra1b1 axb4
20.axb4 Ra8a2
21.Rb1a1 Rf8a8
22.Ra1c1 Ra8a3
23.Bb2xa3 Ra2xd2
24.Kxd2 b6
25.h4 Qf6f3
26.Rc1b1 g6
27.Ba3b2 c5
28.bxc5 bxc5
29.Bb2a3 d4
30.cxd4 cxd4
31.Ba3c5 d3
32.Rb1e1 Qf3f7
33.Re1c1 Qf7a2
{ resign }
0-1

[Event "Tourn. n9151"]
[Site "www.chess-mail.com"]
[Date "2017.01.12"]
[Round "1"]
[White "Norlavuaram"]
[Black "Liencam2"]
[WhiteElo "2130"]
[BlackElo "2300"]
[Result "0-1"]
[Round "1"]
1.e4 c5
2.Ng1f3 e6
3.d4 cxd4
4.Nf3xd4 a6
5.Bf1d3 Ng8f6
6.c4 Nb8c6
7.Bc1e3 Nc6e5
8.Nb1c3 Nf6g4
9.O-O Ng4xe3
10.fxe3 Bf8e7
11.Bd3e2 b6
12.Ra1c1 Bc8b7
13.Be2f3 Ne5xc4
14.Qd1b3 Nc4e5
15.Bf3e2 O-O
16.Nd4f3 Ne5g4
17.Nc3d1 Bb7xe4
18.h3 Ng4h6
19.Nd1c3 Be4c6
20.Rc1d1 Nh6f5
21.Nc3b1 Be7c5
22.Nf3d4 Qd8g5
23.Be2f3 Nf5xe3
{ resign }
0-1

[Event "Tourn. n9171"]
[Site "www.chess-mail.com"]
[Date "2017.01.12"]
[Round "1"]
[White "Norlavuaram"]
[Black "Bojan"]
[WhiteElo "2160"]
[BlackElo "2030"]
[Result "0-1"]
[Round "1"]
1.e4 e5
2.Ng1f3 Nb8c6
3.Bf1b5 Qd8f6
4.Nb1c3 Ng8e7
5.O-O a6
6.Bb5a4 b5
7.Ba4b3 Nc6a5
8.d4 d6
9.dxe5 dxe5
10.Bc1g5 Qf6d6
11.Qd1e2 f6
12.Rf1d1 Qd6b6
13.Bg5e3 Qb6c6
14.Bb3d5 Ne7xd5
15.Nc3xd5 Bc8e6
16.b3 Ra8d8
17.Qe2e1 Na5b7
18.c4 b4
19.Ra1c1 a5
20.h3 Nb7d6
21.Nf3d2 Qc6b7
22.f3 Nd6c8
23.Nd2f1 c6
24.Nd5b6 Nc8xb6
25.Rd1xd8 Kxd8
26.Rc1d1 Ke8
27.Qe1f2 Nb6d7
28.Rd1d3 Kf7
29.Nf1g3 g6
30.Qf2d2 Qb7c7
31.Ng3e2 Bf8c5
32.Be3xc5 Nd7xc5
33.Rd3e3 Rh8d8
34.Qd2c2 Rd8d6
35.Kf2 Qc7d7
36.Ke1 Ke7
37.Ne2c1 f5
38.exf5 Be6xf5
39.Re3xe5 Rd6e6
40.Qc2b2 Nc5d3
41.Nc1xd3 Bf5xd3
42.Re5xe6 Qd7xe6
43.Kf2 h5
44.Qb2g7 Kd8
45.Qg7h8 Kc7
46.Qh8g7 Kb8
47.Qg7h8 Kb7
48.Qh8d8 Qe6f5
49.g4 hxg4
50.hxg4 Qf5c5
51.Kg2 Bd3xc4
52.bxc4 Qc5xc4
53.Qd8d7 Ka6
54.Qd7d6 Qc4xa2
55.Kg3 Qa2c2
56.Qd6b8 b3
57.Qb8a8 Kb5
58.Qa8b8 Ka4
59.Qb8f4 Ka3
60.Qf4d6 c5
61.Qd6a6 a4
{ resign }
0-1

[Event "Tourn. n9171"]
[Site "www.chess-mail.com"]
[Date "2017.01.12"]
[Round "1"]
[White "B0zata"]
[Black "Pellix84"]
[WhiteElo "2170"]
[BlackElo "2040"]
[Result "0-1"]
[Round "1"]
1.g4 d5
2.Bf1g2 Bc8xg4
3.c4 c6
4.cxd5 cxd5
5.Qd1b3 Ng8f6
6.Qb3xb7 Nb8d7
7.Nb1c3 e6
8.d4 Nd7b6
9.Bc1f4 Bf8d6
10.Qb7c6 Ke7
11.Bf4xd6 Qd8xd6
12.Qc6xd6 Kxd6
13.f3 Bg4h5
14.e3 Nb6c4
15.e4 Kd7
16.e5 Nf6e8
17.b3 Nc4e3
18.Kf2 Ne3xg2
19.Kxg2 Ra8c8
20.Ng1e2 g5
21.Ra1c1 Ne8g7
22.Nc3b5 g4
23.f4 Bh5g6
24.Nb5d6 Rc8c2
25.Rc1xc2 Bg6xc2
26.Rh1c1 Ng7f5
27.Nd6xf7 Rh8f8
28.Kf2 Bc2d3
29.Nf7d6 Bd3xe2
30.Kxe2 Nf5xd4
31.Ke3 Rf8xf4
32.Kxf4 Nd4e2
33.Kxg4 Ne2xc1
34.h4 Nc1d3
35.Nd6f7 Ke7
36.Nf7g5 Nd3xe5
37.Kf4 Ne5g6
38.Ke3 h6
39.Ng5f3 Kf6
40.b4 e5
41.a4 e4
42.Nf3d4 Ng6e7
43.b5 Ke5
44.a5 Kd6
45.Nd4b3 Ne7f5
46.Kd2 Nf5xh4
47.Kc3 Nh4f5
48.Kb4 e3
49.Nb3c1 Nf5d4
50.Nc1d3 e2
51.b6 axb6
52.axb6 Kc6
53.Ka5 Kb7
54.Nd3c5 Kb8
55.Ka6 Nd4c6
56.Nc5d3 h5
57.Kb5 Nc6d8
58.Kc5 h4
59.Kxd5 h3
60.Kd6 h2
61.Nd3c5 h1Q
62.Nc5d7 Kb7
63.Nd7c5 Kxb6
64.Nc5a4 Ka5
65.Kd7 Qh1d5
66.Kc7 Nd8e6
67.Kc8 Qd5c6
68.Kb8 Kxa4
69.Ka7 Ne6c5
{ resign }
0-1

[Event "Tourn. n9085"]
[Site "www.chess-mail.com"]
[Date "2017.01.12"]
[Round "1"]
[White "Nulladies"]
[Black "Julian"]
[WhiteElo "1820"]
[BlackElo "1910"]
[Result "0-1"]
[Round "1"]
1.d4 d5
2.Bc1f4 e6
3.e3 Bf8d6
4.Bf4g3 Bd6xg3
5.hxg3 Ng8f6
6.Ng1f3 O-O
7.Bf1d3 h6
8.Nb1d2 Nb8d7
9.Nf3e5 Nf6e4
10.Nd2xe4 dxe4
11.Bd3xe4 c6
12.Qd1g4 Nd7f6
13.Qg4f3 Nf6xe4
14.Qf3xe4 Qd8d5
15.Qe4xd5 exd5
16.O-O-O Bc8f5
17.g4 Bf5e4
18.f3 Be4h7
19.Rh1h3 f6
20.Ne5d3 Rf8e8
21.Kd2 Re8e7
22.f4 Bh7e4
23.g3 b6
24.a4 Be4f3
25.Rd1e1 Bf3xg4
26.Rh3h4 Bg4f3
27.Re1f1 Bf3e4
28.Nd3f2 f5
29.g4 fxg4
30.Nf2xe4 Re7xe4
31.Rh4h5 Ra8e8
32.Rf1e1 g3
33.Re1g1 Re4xe3
34.Rh5e5 Re8xe5
35.fxe5 Re3f3
36.Ke2 Rf3f2
37.Ke1 Rf2xc2
38.Rg1xg3 Rc2xb2
39.Rg3g6 Rb2b4
40.Rg6xc6 Rb4xd4
41.e6 Rd4xa4
42.Rc6c8 Kh7
43.e7 Ra4e4
{ resign }
0-1

[Event "Tourn. n9085"]
[Site "www.chess-mail.com"]
[Date "2017.01.12"]
[Round "1"]
[White "Julian"]
[Black "Redabond"]
[WhiteElo "1890"]
[BlackElo "1700"]
[Result "1/2-1/2"]
[Round "1"]
1.e4 e5
2.Ng1f3 Nb8c6
3.d4 d5
4.exd5 Qd8xd5
5.c4 Qd5a5
6.Nb1c3 exd4
7.Nf3xd4 Nc6xd4
8.Qd1xd4 Ng8f6
9.Bf1d3 Qa5c5
10.Bc1e3 Qc5xd4
11.Be3xd4 Bf8b4
12.O-O-O O-O
13.Bd4xf6 gxf6
14.Nc3d5 Bb4c5
15.Nd5xf6 Kg7
16.Nf6h5 Kh8
17.f4 Bc8g4
18.Nh5f6 Bg4e6
19.b3 Bc5d4
20.Bd3xh7 Bd4xf6
21.Bh7c2 Rf8g8
22.g3 Ra8d8
23.f5 Rd8xd1
24.Rh1xd1 Bf6g5
25.Kb2 Bg5f6
26.Kc1 Bf6g5
27.Kb2 Rg8d8
28.Rd1xd8 Bg5xd8
29.fxe6 fxe6
30.h4 Kg7
31.b4 Kh6
32.a4 Kh5
33.Bc2d1 Kg6
34.Kc3 c6
35.Kd4 Kf5
36.g4 Kf4
37.g5 e5
38.Kd3 e4
39.Kd4 Bd8e7
40.b5 cxb5
41.cxb5 b6
42.g6 Be7f6
43.Kd5 Kf5
44.h5 Kg5
{ draw }
1/2-1/2

[Event "Tourn. n9084"]
[Site "www.chess-mail.com"]
[Date "2017.01.12"]
[Round "1"]
[White "Norlavuaram"]
[Black "Ozana"]
[WhiteElo "2290"]
[BlackElo "2010"]
[Result "1/2-1/2"]
[Round "1"]
1.e4 d6
2.d4 Ng8f6
3.Bf1d3 e5
4.c3 Nb8d7
5.Ng1f3 d5
6.dxe5 dxe4
7.exf6 Nd7xf6
8.Bd3b5 c6
9.Qd1xd8 Kxd8
10.Nf3e5 Ke8
11.Bb5c4 Nf6d5
12.Bc4b3 f6
13.Ne5c4 Bc8d7
14.O-O Bf8c5
15.Nb1a3 Kd8
16.Nc4e3 Nd5f4
17.Na3c2 Kc7
18.Rf1e1 Nf4d3
19.Re1f1 f5
20.Nc2e1 Nd3xc1
21.Ra1xc1 f4
22.Ne3c2 Bd7g4
23.Nc2d4 Bc5xd4
24.cxd4 Bg4e2
25.d5 Ra8d8
26.dxc6 { draw }
1/2-1/2

[Event "Tourn. n9100"]
[Site "www.chess-mail.com"]
[Date "2017.01.12"]
[Round "1"]
[White "Julian"]
[Black "Redabond"]
[WhiteElo "1880"]
[BlackElo "1710"]
[Result "1-0"]
[Round "1"]
1.e4 e5
2.Ng1f3 Nb8c6
3.d4 d6
4.Bf1b5 Bc8g4
5.O-O Qd8d7
6.dxe5 a6
7.Bb5e2 dxe5
8.Qd1xd7 Kxd7
9.Rf1d1 Ke8
10.Bc1e3 Bf8d6
11.c4 Ng8f6
12.Nb1c3 Nc6b4
13.Ra1c1 Ra8d8
14.a3 Nb4c6
15.b4 Bd6e7
16.Nc3d5 Nf6xd5
17.cxd5 Nc6b8
18.Rc1xc7 Rd8d7
19.Rc7c8 Rd7d8
20.Rc8xd8 Be7xd8
21.Kf1 f6
22.Rd1c1 Kd7
23.Nf3e1 Bg4xe2
24.Kxe2 Ke7
25.Ne1d3 b5
26.Rc1c8 Nb8d7
27.Nd3c5 Nd7xc5
28.Be3xc5 Kd7
29.Rc8a8 h5
30.Ra8xa6 g5
31.a4 bxa4
32.Ra6xa4 h4
33.Ra4a7 Kc8
34.Kf3 h3
35.g3 Rh8e8
36.Kg4 Re8h8
37.d6 Kb8
38.Ra7f7 Rh8h4
39.gxh4 { resign }
1-0

[Event "Tourn. n9101"]
[Site "www.chess-mail.com"]
[Date "2017.01.12"]
[Round "1"]
[White "Awfen"]
[Black "Julian"]
[WhiteElo "2080"]
[BlackElo "1880"]
[Result "1-0"]
[Round "1"]
1.e4 c5
2.Bf1c4 e6
3.Ng1f3 d6
4.O-O Nb8c6
5.c3 Ng8e7
6.d4 cxd4
7.cxd4 g6
8.Bc1g5 Bf8g7
9.Nb1c3 a6
10.Bc4b3 O-O
11.d5 Nc6e5
12.Nf3xe5 dxe5
13.d6 f6
14.dxe7 Qd8xe7
15.Bg5e3 h5
16.Nc3a4 Rf8d8
17.Qd1c1 b5
18.Na4b6 Ra8b8
19.Be3c5 Qe7b7
20.Qc1e3 Kh7
21.Ra1c1 Bg7h6
22.Qe3f3 f5
23.Rc1c2 Qb7xe4
24.Qf3xe4 fxe4
25.Nb6xc8 Rb8xc8
26.Bb3xe6 Rc8c6
27.Be6b3 e3
28.Bc5xe3 Rc6xc2
29.Bb3xc2 Bh6xe3
30.fxe3 Rd8d2
31.Rf1f2 Rd2xf2
32.Kxf2 Kg7
33.a4 { resign }
1-0

[Event "Match"]
[Site "www.echecsemail.com"]
[Date "2017.01.12"]
[Round "1"]
[White "Irene"]
[Black "Raulazo"]
[WhiteElo "2080"]
[BlackElo "1930"]
[Result "1-0"]
[Round "1"]
1.d4 d5
2.Nb1c3 Ng8f6
3.g3 Nb8a6
4.a3 g6
5.Bf1g2 c6
6.Ng1f3 Bc8g4
7.Nf3e5 Bf8g7
8.Ne5xg4 Nf6xg4
9.e3 Qd8d7
10.Bg2f3 Ng4f6
11.b4 O-O
12.O-O b5
13.Nc3e2 Na6c7
14.c3 a5
15.Bc1b2 a4
16.Ne2c1 Ra8e8
17.Nc1d3 Qd7d6
18.Nd3c5 Re8b8
19.Rf1e1 Rf8e8
20.e4 Nf6d7
21.e5 Bg7xe5
22.Nc5xd7 Qd6xd7
23.Re1xe5 f6
24.Bf3g4 f5
25.Bg4h3 Nc7e6
26.Bh3xf5 gxf5
27.Re5xf5 Ne6g7
28.Rf5g5 Re8f8
29.Bb2c1 e6
30.Bc1f4 Rb8e8
31.Bf4e5 Re8e7
32.Qd1h5 Rf8f5
33.Ra1e1 Rf5xg5
34.Qh5xg5 Kf8
35.Qg5f4 Re7f7
36.Be5xg7 Kxg7
37.Qf4g4 Kf6
38.Re1e5 Ke7
39.Qg4h4 Kd6
40.g4 Rf7f8
41.Qh4g3 Ke7
42.Qg3h4 Kd6
43.Re5h5 Qd7g7
44.Rh5xh7 Qg7g8
45.Qh4g3 { resign }
1-0

[Event "Match"]
[Site "www.echecsemail.com"]
[Date "2017.01.12"]
[Round "1"]
[White "Pellix84"]
[Black "Orae"]
[WhiteElo "1970"]
[BlackElo "1710"]
[Result "1-0"]
[Round "1"]
1.d4 e6
2.e4 Bf8b4
3.c3 Bb4a5
4.Bf1d3 Ng8f6
5.Ng1e2 Nb8c6
6.O-O d5
7.e5 Nf6d7
8.f4 Nc6e7
9.Ne2g3 Ba5b6
10.Kh1 a6
11.Qd1g4 g6
12.Bc1e3 Nd7f8
13.Nb1d2 Qd8d7
14.c4 h5
15.Qg4f3 Bb6a5
16.Nd2b3 Qd7a4
17.cxd5 Ne7xd5
18.Nb3c5 Qa4b4
19.Ng3e4 Qb4xb2
20.Ra1b1 Qb2a3
21.Bd3c4 Qa3xe3
22.Bc4xd5 Qe3xd4
23.Bd5xb7 Bc8xb7
24.Ne4f6 Ke7
25.Qf3xb7 Ra8d8
26.Nc5b3 Qd4a4
27.Qb7xa6 Nf8d7
28.Nb3xa5 Rd8a8
29.Na5c6 Kf8
30.Nf6xd7 Kg7
31.Qa6xa4 Ra8xa4
32.Rf1f2 Ra4c4
33.Nc6b8 Rh8d8
34.h4 c5
35.a4 Rc4xa4
36.Nd7xc5 Ra4c4
37.Nb8a6 Rd8d5
38.Rb1b5 Rd5d1
39.Kh2 Rc4c3
40.Rb5b7 Rc3c1
41.Nc5xe6 Kg8
42.Ne6g5 Rd1h1
43.Kg3 Rc1c3
44.Rf2f3 Rc3c6
45.Na6b4 Rc6c4
46.Nb4d5 Rc4c2
47.Nd5f6 Kg7
48.Rb7xf7 { resign }
1-0

[Event "Match"]
[Site "www.echecsemail.com"]
[Date "2017.01.12"]
[Round "1"]
[White "Romaamor69"]
[Black "Godrad"]
[WhiteElo "2380"]
[BlackElo "2150"]
[Result "1-0"]
[Round "1"]
1.d4 Ng8f6
2.Ng1f3 e6
3.c4 Bf8b4
4.Nb1c3 d5
5.Qd1b3 Bb4xc3
6.bxc3 O-O
7.e3 dxc4
{ time. }
1-0

[Event "Match"]
[Site "www.echecsemail.com"]
[Date "2017.01.12"]
[Round "1"]
[White "Pellix84"]
[Black "Carazo"]
[WhiteElo "2060"]
[BlackElo "1750"]
[Result "1-0"]
[Round "1"]
1.d4 d5
2.g3 Ng8f6
3.Bf1g2 Nb8c6
4.Nb1c3 e5
5.dxe5 Nc6xe5
6.e4 d4
7.Nc3d5 Nf6xd5
8.exd5  { time }
1-0

[Event "Match"]
[Site "www.echecsemail.com"]
[Date "2017.01.12"]
[Round "1"]
[White "Irene"]
[Black "Arbiflex"]
[WhiteElo "2100"]
[BlackElo "2039"]
[Result "0-1"]
[Round "1"]
1.d4 h6
2.Ng1f3 a6
3.e4 d6
4.Bf1d3 Bc8g4
5.Bd3e2 Ng8f6
6.O-O Nf6xe4
7.h3 Bg4xf3
8.Be2xf3 d5
9.Rf1e1 Ne4f6
10.Nb1c3 e6
11.Nc3a4 Bf8d6
12.Bc1d2 O-O
13.Qd1c1 Nb8d7
14.Na4c5 Nd7xc5
15.dxc5 Bd6xc5
16.Bd2xh6 gxh6
17.Qc1xh6 Nf6h7
18.Re1e5 Qd8f6
19.Qh6h5 Kh8
20.c4 Bc5d4
21.Re5e2 Rf8g8
22.h4 Rg8g6
23.cxd5 Rg6h6
24.Qh5g4 Ra8g8
25.Qg4h3 Rh6xh4
26.Qh3xh4 Qf6xh4
27.dxe6 Nh7g5
28.e7 Ng5xf3
29.Kf1 Qh4h1

0-1

[Event "Match"]
[Site "www.echecsemail.com"]
[Date "2017.01.12"]
[Round "1"]
[White "Glailton"]
[Black "Guidom"]
[WhiteElo "1499"]
[BlackElo "2160"]
[Result "0-1"]
[Round "1"]
1.e4 e5
2.Ng1f3 Nb8c6
3.Bf1c4 d6
4.d3 Bf8e7
5.Nb1c3 Ng8f6
6.Nf3g5 O-O
7.O-O h6
8.Ng5f3 Bc8g4
9.h3 Bg4h5
10.a3 Qd8d7
11.Nc3d5 Nf6xd5
12.Bc4xd5 Nc6d4
13.Kh2 Nd4xf3
14.gxf3 c6
15.Bd5b3 d5
16.Rf1g1 f5
17.Qd1e2 f4
18.exd5 cxd5
19.Qe2xe5 g5
20.Bb3xd5 Kh7
21.Qe5e4 Bh5g6
22.Qe4d4 Bg6f5
23.c3 Ra8d8
24.Bd5e4 Qd7xd4
25.Be4xf5 Rf8xf5
26.cxd4 Rd8xd4
27.Rg1d1 Rf5d5
28.b4 Rd4xd3
29.Rd1xd3 Rd5xd3
30.Kg2 Rd3d1
31.a4 Be7xb4
32.Bc1b2 Rd1d2
33.Bb2a3 Bb4xa3
34.Ra1xa3 Rd2d4
35.a5 Rd4d5
36.Kf1 Rd5e5
37.Kg1 Kg6
38.Kf1 Kh5
39.Kg2 Kh4
40.Kh2 a6
41.Kg2 Re5b5
42.Kh2 Rb5b1
43.Kg2 h5
44.Kh2 Rb1b2
45.Kg2 g4
46.hxg4 hxg4
47.fxg4 Kxg4
 { time }
0-1

[Event "Fast Game"]
[Site "www.echecsemail.com"]
[Date "2017.01.12"]
[Round "1"]
[White "Beatrics"]
[Black "Cal"]
[WhiteElo "1599"]
[BlackElo "1690"]
[Result "1-0"]
[Round "1"]
1.d4 d5
2.c4 dxc4
3.e3 e6
4.Bf1xc4 Ng8f6
5.Ng1f3 Nf6e4
6.Qd1c2 f5
7.Nb1c3 Bf8b4
8.O-O Bb4xc3
9.bxc3 c6
10.Bc1a3 b5
11.Bc4d3 Ne4f6
12.Nf3e5 Qd8c7
13.c4 bxc4
14.Bd3xc4 Bc8a6
15.Rf1c1 Ba6xc4
16.Qc2xc4 Nf6d5
17.Ne5xc6 Qc7b6
18.Ra1b1 Qb6c7
19.Nc6xb8 Qc7xc4
20.Rc1xc4 Kf7
21.Nb8d7 Rh8d8
22.Nd7e5 Kf6
23.f3 Nd5xe3
24.Rc4c7 Rd8xd4
25.Ne5d7 Kg6
26.g3 a5
27.f4 Ne3c2
28.Nd7e5 Kh6
29.Ne5f7 Kh5
30.Ba3b2 h6
31.Bb2xd4 Nc2xd4
32.Nf7e5 g5
33.Kf2 gxf4
34.gxf4 a4
35.Rb1g1 Nd4b5
36.Rg1g5 hxg5
37.Rc7h7 { resign }
1-0

[Event "Tourn. n9176"]
[Site "www.chess-mail.com"]
[Date "2017.01.13"]
[Round "1"]
[White "Bojan"]
[Black "Norlavuaram"]
[WhiteElo "2000"]
[BlackElo "2110"]
[Result "0-1"]
[Round "1"]
1.e4 e5
2.Ng1f3 Nb8c6
3.c3 Ng8f6
4.d3 Bf8c5
5.h3 O-O
6.Bc1g5 Bc5e7
7.Nb1d2 d6
8.Nd2b3 d5
9.Nb3d2 Bc8e6
10.Qd1c2 dxe4
11.dxe4 h6
12.Bg5e3 a6
13.b3 Qd8c8
14.Nd2c4 Nf6d7
15.Bf1e2 b5
16.Nc4b2 f6
17.Ra1d1 Qc8b7
18.Nf3h4 Nd7b6
19.O-O Rf8d8
20.Be2h5 Rd8xd1
21.Rf1xd1 Ra8d8
22.Nb2d3 Nb6d7
23.Nh4g6 Be7d6
24.Qc2e2 Nc6e7
25.Qe2f3 Ne7xg6
26.Bh5xg6 Qb7a8
27.Qf3h5 Nd7f8
28.Bg6f5 Be6xf5
29.Qh5xf5 Qa8c8
30.Qf5f3 Bd6e7
31.Qf3g3 Kh7
32.Rd1d2 f5
33.Nd3xe5 Rd8xd2
34.Be3xd2 fxe4
35.Ne5c6 Qc8d7
36.Bd2xh6 gxh6
37.Nc6d4 c5
38.Qg3e3 cxd4
39.Qe3xe4 Kg7
40.cxd4 Be7f6
41.d5 Qd7d6
42.g3 Nf8g6
43.f4 Ng6e7
44.g4 Qd6xd5
45.Qe4e2 Ne7c6
46.Kh2 Qd5d4
47.g5 hxg5
48.fxg5 Qd4e5
{ resign }
0-1

[Event "Tourn. n9179"]
[Site "www.chess-mail.com"]
[Date "2017.01.13"]
[Round "1"]
[White "B0zata"]
[Black "Biggles"]
[WhiteElo "2170"]
[BlackElo "2140"]
[Result "1-0"]
[Round "1"]
1.e4 e6
2.d4 d5
3.Nb1c3 Bf8b4
4.exd5 exd5
5.Bc1d2 Ng8f6
6.Ng1f3 Bc8e6
7.Bf1d3 Nb8d7
8.O-O O-O
9.Rf1e1 c6
10.a3 Bb4d6
11.Bd2g5 Qd8c7
12.Bg5xf6 Nd7xf6
13.h3 Rf8e8
14.Nf3e5 h6
15.Qd1f3 Be6d7
16.Ne5xd7 Nf6xd7
17.Nc3e2 Nd7f6
18.c4 dxc4
19.Bd3xc4 Re8e7
20.Ne2c3 Ra8e8
21.Kf1 Qc7b6
22.d5 cxd5
23.Nc3xd5 Nf6xd5
24.Qf3xd5 Qb6xb2
25.Ra1d1 Bd6xa3
26.Re1xe7 Re8xe7
27.Qd5d8 Kh7
28.Qd8d3 g6
29.Rd1b1 Qb2e5
30.Qd3xa3 a6
31.Rb1d1 b5
32.Bc4b3 Re7e8
33.Qa3xa6 Qe5h2
34.f3 Qh2e5
35.Qa6a7 Re8e7
36.Qa7d4 Qe5c7
37.Qd4d2 Kg7
38.Qd2d6 Qc7a7
39.Qd6d4 f6
40.Qd4xa7 Re7xa7
41.Rd1d5 Ra7b7
42.Ke2 f5
43.f4 Kf6
44.Rd5d6 Kg7
45.Kd3 Rb7c7
46.Kd2 g5
47.fxg5 hxg5
48.Rd6d5 Kf6
49.Rd5xb5 g4
50.h4 Rc7e7
51.Bb3c2 Re7e5
52.Rb5xe5 Kxe5
53.Ke3 f4
54.Kf2 Kf6
55.g3 f3
56.Bc2e4 Kg7
57.Be4xf3 { resign }
1-0

[Event "Tourn. n8927"]
[Site "www.chess-mail.com"]
[Date "2017.01.13"]
[Round "1"]
[White "Szustan"]
[Black "Gearoidmac"]
[WhiteElo "2620"]
[BlackElo "2370"]
[Result "1-0"]
[Round "1"]
1.e4 e6
2.d4 d5
3.Nb1c3 Ng8f6
4.e5 Nf6d7
5.f4 c5
6.Ng1f3 Nb8c6
7.Bc1e3 a6
8.Qd1d2 b5
9.dxc5 Bf8xc5
10.Be3xc5 Nd7xc5
11.Qd2f2 Qd8b6
12.Bf1e2 b4
13.Nc3b1 O-O
14.Nb1d2 Ra8b8
15.O-O f6
16.exf6 Rf8xf6
17.g3 e5
18.fxe5 Nc6xe5
19.Nd2b3 Ne5xf3
20.Be2xf3 Nc5e4
21.Qf2xb6 Rb8xb6
22.Bf3g2 Rb6c6
23.Nb3d4 Rc6c4
24.Rf1d1 Rf6b6
25.b3 Rc4c3
26.Rd1d3 Rc3xd3
27.cxd3 Ne4c3
28.Ra1c1 Bc8d7
29.a3 a5
30.axb4 axb4
31.Rc1a1 Kf8
32.Kf2 Ke7
33.Bg2f3 g5
34.Ra1a7 Kd6
35.Ke3  { time }
1-0

[Event "Tourn. n9134"]
[Site "www.chess-mail.com"]
[Date "2017.01.13"]
[Round "1"]
[White "Cal"]
[Black "Autmich"]
[WhiteElo "1470"]
[BlackElo "1570"]
[Result "1-0"]
[Round "1"]
1.e4 c5
2.Nb1c3 Nb8c6
3.Ng1f3 d6
4.d3 Ng8f6
5.Bf1e2 g6
6.h3 Bf8g7
7.a3 O-O
8.b3 Nf6xe4
9.dxe4 Bg7xc3
10.Bc1d2 Bc3xa1
11.Qd1xa1 e5
12.O-O Bc8e6
13.c4 Qd8e7
14.Bd2g5 Qe7d7
15.Bg5f6 h6
16.Nf3h2 Nc6e7
17.f4 exf4
18.Rf1xf4 Kh7
19.Rf4h4 Ne7g8
20.e5 Ng8xf6
21.exf6 g5
22.Rh4h5 Be6f5
23.Nh2f3 Kg6
24.g4 Bf5e4
25.Nf3d2 Be4c6
26.h4 Qd7e6
27.Qa1b1 Bc6e4
28.Nd2xe4 Ra8e8
29.Ne4xg5 { resign }
1-0

[Event "Tourn. n9155"]
[Site "www.chess-mail.com"]
[Date "2017.01.13"]
[Round "1"]
[White "Comrade"]
[Black "Libiesse"]
[WhiteElo "2280"]
[BlackElo "2000"]
[Result "1-0"]
[Round "1"]
1.c4 c5
2.Nb1c3 Nb8c6
3.g3 e6
4.Bf1g2 Ng8f6
5.Ng1f3 d5
6.cxd5 exd5
7.d4 Bc8e6
8.Bc1e3 cxd4
9.Be3xd4 Nc6xd4
10.Nf3xd4 Bf8b4
11.Qd1a4 { resign }
1-0

[Event "Tourn. n9184"]
[Site "www.chess-mail.com"]
[Date "2017.01.13"]
[Round "1"]
[White "Yoj"]
[Black "Mitja"]
[WhiteElo "1900"]
[BlackElo "2030"]
[Result "1-0"]
[Round "1"]
1.b3 e5
2.e4 d6
3.h3 f6
4.Nb1c3 a6
5.d4 exd4
6.Qd1xd4 Nb8c6
7.Qd4d5 Ng8e7
8.Qd5h5 Ne7g6
9.Bf1d3 Nc6e5
10.f4 Ne5xd3
11.cxd3 c6
12.f5 { resign }
1-0

[Event "Tourn. n9104"]
[Site "www.chess-mail.com"]
[Date "2017.01.13"]
[Round "1"]
[White "Goofy"]
[Black "Prize640"]
[WhiteElo "2300"]
[BlackElo "2420"]
[Result "1-0"]
[Round "1"]
1.e4 c5
2.Ng1f3 Nb8c6
3.Nb1c3 e6
4.d4 cxd4
5.Nf3xd4 Qd8c7
6.Bc1e3 a6
7.Qd1d2 Ng8f6
8.O-O-O Bf8b4
9.f3 O-O
10.g4 Nc6e5
11.Rh1g1 b5
12.g5 Nf6h5
13.f4 Ne5c4
14.Bf1xc4 Qc7xc4
15.Qd2e2 Bb4xc3
16.Qe2xh5 Bc3xd4
17.Be3xd4 Qc4xa2
18.Qh5h6 { resign }
1-0

[Event "Tourn. n9132"]
[Site "www.chess-mail.com"]
[Date "2017.01.13"]
[Round "1"]
[White "Falcoale"]
[Black "Picifarkinca"]
[WhiteElo "1870"]
[BlackElo "1630"]
[Result "0-1"]
[Round "1"]
1.e4 e5
2.Ng1f3 Ng8f6
3.Nf3xe5 d6
4.Ne5f3 Nf6xe4
5.Bf1c4 d5
6.Bc4b3 Bf8e7
7.d3 Ne4f6
8.O-O O-O
9.Nb1c3 Bc8g4
10.h3 Bg4xf3
11.Qd1xf3 c6
12.Bc1d2 Nb8d7
13.Ra1d1 Nd7c5
14.Nc3e2 Nc5xb3
15.axb3 a6
16.Ne2g3 Be7d6
17.Ng3f5 Bd6b8
18.Bd2g5 Qd8c7
19.g3 Qc7e5
20.Rd1e1 Qe5xb2
21.Nf5h6 Kh8
22.Nh6f5 a5
23.Re1e2 a4
24.Rf1e1 a3
25.Nf5xg7 Kxg7
26.c3 Qb2xc3
27.Re2e3 Bb8a7
28.Re3e2 Ba7d4
29.Bg5xf6 Bd4xf6
30.Re1d1 a2
31.d4 Qc3xf3
32.Re2e3 Qf3xd1
{ resign }
0-1

[Event "Tourn. n9102"]
[Site "www.chess-mail.com"]
[Date "2017.01.13"]
[Round "1"]
[White "Autmich"]
[Black "Azulmarino"]
[WhiteElo "1699"]
[BlackElo "1620"]
[Result "1-0"]
[Round "1"]
1.e4 e5
2.Ng1f3 Nb8c6
3.Bf1c4 Ng8f6
4.Nb1c3 Bf8c5
5.O-O Nf6g4
6.d3 d6
7.h3 Ng4f6
8.Bc1g5 h6
9.Bg5h4 g5
10.Bh4g3 Nf6h5
11.Bg3h2 Nh5f4
12.Bh2xf4 exf4
13.d4 Bc5b4
14.Nc3d5 Bc8e6
15.Nd5xb4 Nc6xb4
16.d5 Be6d7
17.e5 Bd7f5
18.Bc4b3 Rh8g8
19.Qd1d4 Bf5xc2
20.Qd4xb4 Bc2d3
21.Rf1e1 Ra8b8
22.exd6 Kd7
23.Nf3e5 Kc8
24.d7 Qd8xd7
25.Ne5xd7 Kxd7
26.Re1e7 Kc8
27.Qb4c3 c6
28.dxc6 b6
29.Qc3xd3 Rg8d8
30.Qd3f5 { resign }
1-0

[Event "Tourn. n9102"]
[Site "www.chess-mail.com"]
[Date "2017.01.13"]
[Round "1"]
[White "Azulmarino"]
[Black "Cal"]
[WhiteElo "1620"]
[BlackElo "1550"]
[Result "1-0"]
[Round "1"]
1.e4 e5
2.d3 h6
3.f3 Ng8f6
4.Bc1d2 Bf8c5
5.Nb1c3 c6
6.Bf1e2 d6
7.a3 a6
8.b4 Bc8e6
9.bxc5 dxc5
10.f4 O-O
11.f5 Be6d7
12.Be2h5 b5
13.Qd1f3 a5
14.Qf3g3 Nf6xh5
15.Qg3g4 Nh5f4
16.Bd2xf4 exf4
17.Qg4xf4 Qd8f6
18.Ng1e2 Rf8e8
19.O-O Nb8a6
20.e5 Re8xe5
21.Nc3e4 Qf6xf5
22.Qf4g3 Qf5h5
23.Ne2f4 Qh5f5
24.Ne4d6 Qf5f6
25.Nf4h5 Qf6g6
26.Qg3xe5 Na6c7
27.Rf1xf7 Bd7e6
28.Rf7xg7 Kf8
29.Rg7xg6 Be6f7
30.Qe5h8 Ke7
31.Ra1e1 Kd7
32.Qh8g7 { resign }
1-0